| 000 | 00383nam a22001337a 4500 | ||
|---|---|---|---|
| 008 | 241127b |||||||| |||| 00| 0 eng d | ||
| 020 | _a9780320059 | ||
| 050 |
_a NX745 _b.A36 |
||
| 100 | _aAdedokun, Ademola Remi | ||
| 245 | _aArts Administration contemporary in Nigeria | ||
| 260 |
_aLagos _bCenter for Black and African Arts and Civilization _c2001 |
||
| 300 | _aXi,197 | ||
| 942 | _cBK | ||
| 999 |
_c1815 _d1815 |
||